000 00778nam a2200217Ia 4500
005 20241129111047.0
008 241129s9999||||xx |||||||||||||| ||und||
020 _a978-93-91277-10-9
037 _aTB
040 _aCRL
_bhin
_cCRL
041 _ahin
_2hin
084 _aV2528.N2 152R2
_qCRL
100 _aकुश्वाहा, सुभाष चन्द, ले.
_9160908
245 0 _aचौरी चौरा पर औपनिवेशिक न्याय
_cकुश्वाहा, सुभाष चन्द, ले.
260 _aनोएडा, भारत
_bसेतु प्रकाशन
_c2022
300 _a296पृ0
365 _aINR
_b699
650 _a History
942 _cTB
_hV2528.N2 152R2
999 _c1228754
_d1228754